000 nam a22 7a 4500
999 _c9712
_d9712
008 180206b ||||| |||| 00| 0 eng d
100 _aCooper, E K
_95819
245 _aPeople and places
260 _aNew York
_bHarcourt brace Jovanovich
_c1983